000 00367nam a2200169Ia 4500
100 _aGonzalez/Rafael C/ Woods/R.E
650 _aimage processing
250 _a3
942 _cBK
366 _f25
245 _aDigital Image Processing
260 _bPearson Education
_c2008
082 _a621.367
_bGON
300 _a954
546 _aENGLISH
_cTTL
999 _c31380
_d31380